Recuerdos de viaje. De Buenos Aires a Chile

Αποθηκεύτηκε σε:
Λεπτομέρειες βιβλιογραφικής εγγραφής
Κύριος συγγραφέας: Urien, Carlos M. (Συγγραφέας)
Μορφή: Βιβλίο
Γλώσσα:Ισπανικά
Έκδοση: Buenos Aires Imprenta A. Molinari 1915
Έκδοση:1a. ed
Θέματα:
Ετικέτες: Προσθήκη ετικέτας
Δεν υπάρχουν, Καταχωρήστε ετικέτα πρώτοι!

MARC

LEADER 00000nam a2200000 a 4500
001 UCJ5036
003 CL-VaPUC
005 20250227100122.0
008 070124e19150000AG |||||||||||||||||spa|d
999 |c 321149  |d 321147 
040 |c Pontificia Universidad Católica de Valparaíso 
082 0 4 |a 910.4  |b URI  |2 21 
100 0 |a Urien, Carlos M.  |e author  |9 509732 
245 1 0 |a Recuerdos de viaje. De Buenos Aires a Chile 
250 |a 1a. ed 
260 |a Buenos Aires  |b Imprenta A. Molinari  |c 1915 
300 |a 211 p 
500 |a Fotografías de lugares de Santiago, Viña y Valparaíso. Dedicatoria del autor para Don Luis Izquierdo, Diputado 
583 |a last modification  |c 20070124 00:00:00  |k Rodrigo Vera 
600 0 7 |a FIGUEROA, EMILIANO  |2 CL-VaPUC  |9 445803 
600 0 7 |a Martinez Cuadros, Marcial,  |d 1833-1918  |9 863205 
650 0 |a Viajes  |9 257115 
650 0 |a Vida social  |9 337244 
650 0 |a Cultura  |9 269059 
650 7 |a CALLES Y PASEOS  |2 CL-VaPUC  |9 329702 
650 0 |a Monumentos  |9 265246 
650 0 |a Publicidad  |9 314572 
650 0 |a Guerra del Pacífico  |9 314886 
650 7 |a TEMBLORES  |2 CL-VaPUC  |9 509733 
650 0 |a Ejército de Chile  |9 317781 
650 7 |a POLICIA  |2 CL-VaPUC  |9 313500 
650 0 |a Partidos políticos  |9 254999 
650 7 |a INSTITUCIONES  |2 CL-VaPUC  |9 329701 
650 0 |a Ilustraciones  |9 369481 
650 7 |a DEDICATORIA AUTOGRAFA  |2 CL-VaPUC  |9 504503 
651 0 |a Santiago  |9 265444 
651 0 |a Viña del Mar  |9 327030 
651 7 |a PARQUE COUSIÑO  |2 CL-VaPUC  |9 507305 
651 7 |a QUINTA NORMAL  |2 CL-VaPUC  |9 509734 
651 7 |a CERRO SANTA LUCIA  |2 CL-VaPUC  |9 344712 
651 7 |a CATEDRAL MATROPOLITANA  |2 CL-VaPUC  |9 509735 
651 7 |a CALETA EL MEMBRILLO  |2 CL-VaPUC  |9 509736 
651 7 |a AVENIDA FRANCIA  |2 CL-VaPUC  |9 509737 
651 7 |a PLAZA O'HIGGINS  |2 CL-VaPUC  |9 509738 
651 7 |a PLAYA MIRAMAR  |2 CL-VaPUC  |9 509739 
651 7 |a CASTILLO WULFF  |2 CL-VaPUC  |9 509740 
651 0 |a Valparaíso, Chile  |9 261144 
942 |c BK  |2 ddc 
945 |d 20070124 00:00:00  |a rinostro 
952 |0 0  |1 0  |4 0  |6 910_400000000000000_URI_1915  |7 0  |8 X  |9 399824  |a FDOBUD  |b FDOBUD  |d 2019-11-22  |i 1029150  |o 910.4 URI 1915  |p 1029150  |r 2019-11-22  |w 2019-11-22  |y BK_X  |k BUD